Responses for Show #3682 - Tuesday, September 12, 2000

Contestants

[<< previous game]

Steven King, an elementary school principal from Phoenix, Arizona

Lisa Manley, a homemaker from Frisco, Texas

Mark Staloff, an editor from Somerville, Massachusetts (whose 1-day cash winnings total $9,799)

[next game >>]

Jeopardy! Round responses

PRESIDENTS IN IOWA
THE GRIDIRON
(Alex: An all-celebrity category.)
THE HOLLYWOOD STOCK EXCHANGE
(Alex: We're talking about the Internet here.)
BIBLICAL PAIRS
ANIMAL PLANET
WHEREFORE "ART" THOU
    $100 1
Ronald Reagan

Mark
    $100 6
Wrigley Field

Lisa
    $100 12
The Perfect Storm

Steven
    $100 13
Adam & Eve

Mark
    $100 24
Mahi-mahi

Mark
    $100 11
Dart

Mark
    $200 2
Richard Nixon

Steven
    $200 7
(L: What is Heisman?)

Bronco

LisaSteven
    $200 14
Jim Carrey

Lisa
    $200 20
Joseph & Mary

Steven
    $200 27
Pinto

Triple Stumper
    $200 18
Tarts

Mark
    $300 3
Herbert Hoover

Mark
    $400 8
(S: I don't know.)

"The Immaculate Reception"

Steven
    $300 15
The Blair Witch Project

Lisa
    $300 21
Samson & Delilah

Mark
    $300 28
Calf

Lisa
    $300 19
Article

Steven
    $400 4
Sioux City

Triple Stumper
    $400 9
Notre Dame

Lisa
    $400 16
Runaway Bride

Mark
    $400 22
Jacob & Esau

Mark
    $400 29
Abyssinian

Mark
    $400 25
Arteries

Mark
    $500 5
Iowa State Fair

Lisa
    $500 10
Emmitt Smith

Lisa
    $500 17
Drew Barrymore

Mark
    $500 23
Alpha & Omega

Steven
    $500 30
Banding

Mark
    $500 26
Chart

Mark

Scores at the first commercial break (after clue 10):

Mark Lisa Steven
$400 $1,300 $0

Scores at the end of the Jeopardy! Round:

Mark Lisa Steven
$4,300 $2,100 $1,100

Double Jeopardy! Round responses

ENGLISH LITERATURE
ANCIENT COINS
AROUND THE WORLD
20th CENTURY NICKNAMES
MY SUITE
EMBRACEABLE "U"
    $200 7
"Lady Chatterley's Lover"

Steven
    $200 17
Julius Caesar

Lisa
    $200 1
Italy

Mark
    $200 6
Hugh Hefner

Lisa
    $200 20
Pyotr Tchaikovsky

Lisa
    $200 14
Umpire

Mark
    $400 11
"The Canterbury Tales"

Lisa
    $400 19
Lion

Lisa
    $400 2
Edinburgh

Steven
    $400 8
Howard Hughes

Steven
    $400 21
Claude Debussy

Lisa
    $400 18
Uganda

Mark
    $600 10
"Casino Royale"

Lisa
    $600 23
Alexander the Great

Steven
    $600 3
Mao Tse-tung

Triple Stumper
    $600 9
Lillian Carter

Lisa
    $300 30
"Grand Canyon Suite"

Lisa
    $600 22
Ukulele

Steven
    $800 12
(S: What is "Ulysses?")

"Finnegans Wake"

Steven
Triple Stumper
    $1,000 24
Minotaur

Steven
    $800 4
International Date Line

Steven
    $800 15
Lon Chaney

Lisa
    $800 29
"Peer Gynt"

Lisa
    $800 26
Unicorns

Lisa
    $1000 13
Howards End

Lisa
    $1000 25
Homer

Steven
    $1000 5
Rhine

Steven
    $1000 16
Ralph Nader

Mark
    $1000 28
Gustav Holst

Mark
    $1000 27
Ultrasound

Mark

Scores at the end of the Double Jeopardy! Round:

Mark Lisa Steven
$8,100 $8,800 $6,300

[wagering suggestions for these scores]

Final Jeopardy! Round responses

NOTORIOUS
StevenWho are Butch Cassidy and The Sundance Kid
$3,000
MarkWho was?
$6,698
LisaWho are Butch Cassidy & the Sundance Kid?
$7,401
Butch Cassidy & The Sundance Kid

Final scores:

Mark Lisa Steven
$1,402 $16,201 $9,300
3rd place: High Sierra Outdoor Gear Collection New champion: $16,201 2nd place: Trip to Sheraton Bougainvilla Resort, Puerto Vallarta, Mexico

Game dynamics:

Coryat scores:

Mark Lisa Steven
$8,100 $9,100 $6,500
20 R,
0 W
20 R
(including 1 DD),
1 W
15 R
(including 1 DD),
2 W
(including 1 DD)

Combined Coryat: $23,700

[game clues] [game scores] [suggest correction]

Game tape date: 2000-07-26
The J! Archive is created by fans, for fans. Scraping, republication, monetization, and malicious use prohibited; this site may use cookies and collect identifying information. See terms. The Jeopardy! game show and all elements thereof, including but not limited to copyright and trademark thereto, are the property of Jeopardy Productions, Inc. and are protected under law. This website is not affiliated with, sponsored by, or operated by Jeopardy Productions, Inc. Join the discussion at JBoard.tv.